000 00708nam a2200265Ia 4500
005 20260302115104.0
008 008 260114s9999 xx 000 0 eng d
020 _a9781628926965
037 _aTextbook
040 _aCRL
040 _beng
040 _cCRL
041 _2eng
041 _aeng
084 _qCRL
100 _aErich Hertz and Jeffrey Roessner
_91120659
245 0 _aWrite in Tune: Contemporary Music in Fiction
260 _bBloomsbury
260 _bBloomsbury Academic
260 _c2014
650 _aLiterary Studies
856 _uhttps://dx.doi.org/10.5040/9781628926965?locatt=label:secondary_bloomsburyCollections
942 _cEBOOK
999 _c1684915
_d1684915